| 000 | 03015cam a22007334i 4500 | ||
|---|---|---|---|
| 003 | PE-LiUPU | ||
| 005 | 20250731170415.0 | ||
| 008 | 150623s1997 miu rb 000 0 eng d | ||
| 020 | _a0802844286 | ||
| 035 | _a(Sirsi) i9780802844286 | ||
| 040 |
_aPE-LiUPU _bspa _cPE-LiUPU _erda |
||
| 049 | _aPRUA | ||
| 082 | 0 | 4 |
_a174.25 _bG33 _221 |
| 245 | 0 | 4 |
_aThe Center for Bioethics and Human Dignity presents Genetic ethics : _bdo the ends justify the genes? / _ceditado por John F. Kilner, Rebecca D. Pentz, y Frank E. Young. |
| 264 | 1 |
_aGrand Rapids, Michigan : _bWilliam B. Eerdmans Publishing Company, _c1997. |
|
| 300 |
_a291 páginas ; _c24 centímetros. |
||
| 336 |
_atext _2rdacontent |
||
| 337 |
_aunmediated _2rdamedia |
||
| 338 |
_avolume _2rdacarrier |
||
| 490 | 1 | _aHorizon in bioethics series | |
| 504 | _aBibliografía al final de cada capítulo. | ||
| 505 | 0 | _aIntroduction: the experience of genetic challenges -- Genetic perspective -- Genetic information -- Genetic intervention -- Glossary of genetic terms. | |
| 526 | _aSEG68 | ||
| 526 | _aSEG70 | ||
| 526 | _aSEG69 | ||
| 526 | _aSEG67 | ||
| 526 | _aSEG43 | ||
| 526 | _aP144 | ||
| 526 | _aP143 | ||
| 526 | _aP131 | ||
| 526 | _aP122 | ||
| 526 | _aP120 | ||
| 526 | _aP117 | ||
| 526 | _aP112 | ||
| 526 | _aP110 | ||
| 526 | _aP106 | ||
| 526 | _aP101 | ||
| 526 | _aP80 | ||
| 526 | _aP59 | ||
| 526 | _aP54 | ||
| 526 | _aP35 | ||
| 526 | _aP33 | ||
| 526 | _aP30 | ||
| 650 | 0 | 4 |
_aGenética humana _xAspectos morales y éticos. |
| 650 | 0 | 4 |
_aGenética humana _xCristianismo. |
| 650 | 0 | 4 |
_aIngeniería genética _xAspectos morales y éticos. |
| 650 | 0 | 4 |
_aIngeniería genética _xCristianismo. |
| 700 | 1 |
_aKilner, John Frederic, _eeditor. |
|
| 700 | 1 |
_aPentz, Rebecca Davis, _eeditor. |
|
| 700 | 1 |
_aYoung, Frank E., _eeditor. |
|
| 710 | 2 | _aCenter for Bioethics and Human Dignity | |
| 942 |
_2ddc _cBOOK |
||
| 949 |
_a174.25 G33 _wDEWEY _c1 _i45789 _lCCODEBUL1 _mBUL _r0 _sY _tBOOK _u2015-6-24 _xTEOLOGIA _PP35 _0COMPRA _o.STAFF. Colección Teología |
||
| 949 |
_a174.25 G33 _wDEWEY _c2 _i44415 _lCCODEBUL1 _mBUL _r0 _sY _tBOOK _u2015-6-24 _xTEOLOGIA _PP35 _0COMPRA _o.STAFF. Colección Teología |
||
| 949 |
_a174.25 G33 _wDEWEY _c3 _i44416 _lCCODEBUL1 _mBUL _r0 _sY _tBOOK _u2015-6-24 _xTEOLOGIA _PP35 _0COMPRA _o.STAFF. Colección Teología |
||
| 994 |
_aC0 _bPEPRU |
||
| 596 | _a1 | ||
| 999 |
_a174.25 G33 _wDEWEY _c21294 _i45789 _f2021-11-9 _g5 _lCCODEBUL1 _mBUL _p50.00 _r0 _sY _tBOOK _u2015-6-24 _xTEOLOGIA _PP35 _0COMPRA _o.STAFF. Colección Teología _d21294 |
||
| 999 |
_a174.25 G33 _wDEWEY _c2 _i44415 _f2021-11-9 _g5 _lCCODEBUL1 _mBUL _p50.00 _r0 _sY _tBOOK _u2015-6-24 _xTEOLOGIA _PP35 _0COMPRA _o.STAFF. Colección Teología |
||
| 999 |
_a174.25 G33 _wDEWEY _c3 _i44416 _f2021-11-9 _g5 _lCCODEBUL1 _mBUL _p50.00 _r0 _sY _tBOOK _u2015-6-24 _xTEOLOGIA _PP35 _0COMPRA _o.STAFF. Colección Teología |
||
| 980 |
_81 _gALBERTO SANCHEZ Responsable de Automatización |
||